Biblioteca y Centro de Documentación

The impact of subjective work control, job strain and work-family conflict on fertility intentions (Registro nro. 42571)

Detalles MARC
000 -CABECERA
Longitud fija campo de control 01292naa a2200289 c 4500
001 - NÚMERO DE CONTROL
Número de control 42571
003 - IDENTIFICADOR DE NÚMERO DE CONTROL
Identificador del número de control ES-MaCES
005 - FECHA Y HORA DE LA ÚLTIMA TRANSACCIÓN
Fecha y hora de la última transacción 20120403110100.0
008 - CAMPO FIJO DE DESCRIPCIÓN FIJA--INFORMACIÓN GENERAL
Códigos de información de longitud fija   120329n2011 ne t 000 | eng d
035 ## - NÚMERO DE CONTROL DEL SISTEMA
Número de control del sistema CES20120001810v
040 ## - FUENTE DE CATALOGACIÓN
Centro catalogador de origen ES-MaCES
Lengua de catalogación spa
Centro transcriptor ES-MaCES
100 1# - ENCABEZAMIENTO PRINCIPAL--NOMBRE PERSONAL
Nombre de persona Begall, Katia
9 (RLIN) 7376
245 14 - MENCIÓN DE TÍTULO
Título The impact of subjective work control, job strain and work-family conflict on fertility intentions
Resto del título : a european comparision
Mención de responsabilidad, etc. Katia Begall, Melinda Mills
500 ## - NOTA GENERAL
Nota general Tít. también en francés: L'impact sur les intentions de fécondité de la perception subjective de contrôle sur le travail, du stress lié au travail et du conflit travail-famille: une comparaison européenne
500 ## - NOTA GENERAL
Nota general Resumen en inglés y francés
650 #4 - ASIENTO SECUNDARIO DE MATERIA--TÉRMINO DE MATERIA
Término de materia o nombre geográfico como elemento inicial conflicto de trabajo
9 (RLIN) 28367
650 #4 - ASIENTO SECUNDARIO DE MATERIA--TÉRMINO DE MATERIA
Término de materia o nombre geográfico como elemento inicial ambiente de trabajo
9 (RLIN) 29086
650 #4 - ASIENTO SECUNDARIO DE MATERIA--TÉRMINO DE MATERIA
Término de materia o nombre geográfico como elemento inicial fecundación
9 (RLIN) 28649
650 #4 - ASIENTO SECUNDARIO DE MATERIA--TÉRMINO DE MATERIA
Término de materia o nombre geográfico como elemento inicial discriminación por razones de sexo
9 (RLIN) 29521
650 #4 - ASIENTO SECUNDARIO DE MATERIA--TÉRMINO DE MATERIA
Término de materia o nombre geográfico como elemento inicial derechos de la mujer
9 (RLIN) 27173
653 10 - TÉRMINO DE INDEXACIÓN--NO CONTROLADO
Término no controlado Relaciones laborales-Empleo
700 1# - ENCABEZAMIENTO SECUNDARIO--NOMBRE PERSONAL
Nombre de persona Mills, Melinda
9 (RLIN) 18652
773 0# - ENTRADA DE DOCUMENTO FUENTE
Título European journal of population
Parte(s) relacionada(s) vol. 27, no. 4 (Nov. 2011){10387 R. 080356}; p. 433-456
Número de control del registro relacionado (ES-MaCES)25397
Itemnumber del ítem fuente 55040
902 ## - CES. TIPO DE DOCUMENTO
Tipodoc (006$c Sirtex) ART Artículo de revista
942 ## - ELEMENTOS KOHA
Fuente de clasificaión o esquema Clasificación propia del CES
Koha [por defecto] tipo de item Artículos (1982-2017)
Parte de clasificación 2.0.

No hay ítems disponibles.

© CES, Consejo Económico y Social de España 2021